Cardigan - Taylor Swift Lyrics - Statistics

General Stats
  • This quiz has been taken 829 times
    828 since last reset
  • The average score is 283 of 342
Answer Stats
Answer % Correct
a
99%
i
98%
I
98%
on
98%
you
98%
the
97%
when
97%
knew
96%
an
95%
are
95%
know
95%
nothing
95%
they
95%
young
95%
your
95%
and
94%
assume
94%
be
94%
cardigan
94%
but
93%
me
93%
under
93%
was
93%
like
92%
in
91%
my
91%
bed
90%
put
89%
said
89%
to
89%
kiss
88%
old
88%
we
88%
brand
87%
high
87%
new
87%
someone's
87%
heels
86%
vintage
86%
all
85%
felt
85%
phone
85%
tee
85%
stone
83%
around
81%
light
81%
cobble
80%
dancing
80%
street
80%
levis
79%
it
78%
scars
78%
bleedin'
77%
i'm
77%
stars
77%
drew
76%
drunk
76%
now
76%
better
75%
baby
74%
is
74%
one
74%
'cause
73%
ny
73%
bars
72%
cars
72%
downtown
72%
friend
72%
politics
72%
what
72%
lipstick
71%
needed
71%
none
71%
black
70%
lose
70%
that
70%
girls
69%
hand
69%
line
69%
sensual
69%
two
69%
favourite
68%
once
68%
sweatshirt
67%
you'd
65%
chase
64%
peter
64%
water
64%
wendy
64%
father
63%
lifetimes
63%
smile
63%
twenty
63%
losing
62%
leaving
61%
running
61%
of
59%
tattoo
59%
back
56%
heartbeat
55%
come
54%
sequin
54%
everything
53%
giving
53%
haunt
53%
change
52%
ending
51%
ifs
51%
linger
51%
long
51%
weekends
51%
bloodstain
50%
hide
50%
playing
50%
seek
50%
last
49%
smell
48%
standing
48%
train
48%
marked
47%
smoke
47%
this
47%
front
45%
hang
45%
miss
45%
porch
45%
time
45%
would
45%
for
44%
grocery
43%
i'd
42%
chasing
41%
expired
41%
longest
41%
shadows
41%
stepping
41%
thrill
41%
curse
40%
trying
29%
over
8%
No matching quizzes found
Score Distribution
Percent of People with Each Score
Percentile by Number Answered
Your Score History
You have not taken this quiz since the last reset